Quizzes
Events
Quiz Creation
Community
Videos
Private Events
Remove Ads
Sign In
Join for FREE
Feedback
Dark Mode
Quiz Categories
Sports
Geography
Music
Movies
Television
Just For Fun
Miscellaneous
History
Literature
Language
Science
Gaming
Entertainment
Religion
Holiday
For Kids
Quiz Lab
Recent
Popular Today
Quiz Kudos Today
Editor Picks
Curator Picks
Quizzes by...
Day
Popularity
Type
Ratings
Length
Year
Community
Subscriptions
Recent Discussions
Orange Saloon
Badges
Playlists
Quests
Create
Leaderboards
Showdown
Live 5
Trivia Bingo
Activity
Puzzle Library
Sporcle Events
Private Events
Virtual Trivia
Globe League
Become a Host
Pub Owners
SporcleCon
Opinionation
Our Games
Videos
Blog
Mobile Apps
Partnerships
Remove Ads and Go Orange
Feedback
Television
TV Characters
TV Show
Sitcom
Network
Friends
Reality Shows
Cast
South Park
Star Trek
The Simpsons
Doctor Who
Television
TV Characters
TV Show
Sitcom
Network
Friends
Reality Shows
Cast
South Park
Star Trek
The Simpsons
Doctor Who
Random Quiz
Search Sporcle
×
Quiz Lab
Quiz Lab
Television
Cartoons
Type in answers that appear in a list
Type in answers that appear in a list
Classic
Best Score? Go Orange.
Nickelodeon TV Shows (Audio) Stats
Can you name the Nick and Nick Jr. Tv shows (Past or present)?
By
krazy1000000
20m
100 Questions
1,233 Plays
1,233 Plays
1,233 Plays
Comments
Comments
Give Quiz Kudos
Give Quiz Kudos
-
- Ratings
hide this ad
More Info
Replay
Link that replays current quiz
Next Quiz
Link to next quiz in quiz playlist
You Got
0%
They Got
Avg Score
40%
Avg Friend Score
Upgrade to see
Score Distribution
Jump to the score distribution portion of the page
Score
0/100
Timer
20:00
0
Plays Today
Time
Tv Shows
% Correct
0:00-
0:05
Blue's Clues
69.8%
8:22-
8:28
T.U.F.F. Puppy
67.8%
8:33-
8:40
Spongebob Squarepants
67.6%
4:50-
4:55
Rugrats
65.4%
6:53-
6:59
Dora The Explorer
63.8%
3:28-
3:33
iCarly
63%
6:17-
6:21
The Fairly OddParents
62.4%
3:04-
3:09
Doug
58.6%
6:27-
6:32
Hey Arnold!
56.4%
1:45-
1:50
The Adventures Of Jimmy Neutron: Boy Genius
56.3%
7:19-
7:24
CatDog
55.6%
3:33-
3:38
Go, Diego, Go!
53.9%
3:44-
3:50
Zoey 101
53.8%
2:33-
2:38
Victorious
53.1%
5:38-
5:43
Drake & Josh
53%
2:01-
2:06
Rocket Power
52%
3:50-
3:56
Big Time Rush
51.8%
0:32-
0:38
The Amanda Show
51.6%
2:38-
2:44
The Backyardigans
51.3%
5:27-
5:32
All That
50.7%
6:32-
6:36
Bob The Builder
49%
2:49-
2:54
The Wild Thornberrys
48%
5:06-
5:09
Danny Phantom
48%
1:40-
1:45
The Ren & Stimpy Show
47.4%
1:31-
1:36
As Told By Ginger
47.2%
7:14-
7:19
All Grown Up!
46.6%
7:05-
7:10
ChalkZone
46.4%
4:08-
4:13
The Angry Beavers
46.2%
1:50-
1:56
Little Bear
45.9%
0:10-
0:14
Fanboy And Chum Chum
45.6%
3:00-
3:04
Max And Ruby
45.3%
0:59-
1:05
True Jackson, VP
44.9%
2:22-
2:27
Rocko's Modern Life
44.4%
3:23-
3:28
Kenan & Kel
44.4%
Time
Tv Shows
% Correct
1:21-
1:26
Kung Fu Panda: Legends Of Awesomeness
44.3%
5:49-
5:55
Avatar: The Last Airbender
43.8%
7:54-
7:59
Franklin
43.5%
2:17-
2:22
LazyTown
43.1%
0:14-
0:20
Salute Your Shorts
42.7%
3:09-
3:12
Little Bill
42.1%
4:22-
4:27
Invader Zim
42.1%
4:41-
4:46
My Life As A Teenage Robot
41.4%
4:13-
4:17
Inspector Gadget
40.6%
0:26-
0:32
Legends Of The Hidden Temple
40.1%
1:05-
1:09
Wow! Wow! Wubbzy!
39.9%
5:21-
5:27
Wonder Pets
39.8%
8:28-
8:33
The Penguins Of Madagascar
39.7%
4:46-
4:50
Ned's Declassified School Survival Guide
39.3%
2:54-
3:00
Aaahh!!! Real Monsters
39.2%
6:36-
6:43
KaBlam!
38.9%
0:54-
0:59
Kipper
38.8%
0:49-
0:54
Power Rangers Samurai
38.5%
4:01-
4:08
Unfabulous
38%
1:36-
1:40
Romeo!
37.9%
0:05-
0:10
Pinwheel
37.6%
7:34-
7:40
Catscratch
37.5%
2:06-
2:11
Gullah Gullah Island
37.2%
3:18-
3:23
Miss Spider's Sunny Patch Friends
37.2%
0:20-
0:26
The X's
36.9%
5:32-
5:38
Clarissa Explains It All
36.3%
1:09-
1:15
The Adventures Of Pete & Pete
36.1%
1:26-
1:31
The Legend Of Korra
36.1%
4:32-
4:37
Bubble Guppies
35.6%
2:44-
2:49
Alvin And The Chipmunks
35.5%
8:13-
8:18
Are You Afraid Of The Dark?
35.3%
6:05-
6:11
El Tigre: The Adventures Of Manny Rivera
34.9%
4:27-
4:32
Back At The Barnyard
34.7%
6:11-
6:17
Mr. Meaty
34.5%
Time
Tv Shows
% Correct
1:15-
1:21
Winx Club
33.6%
5:01-
5:06
Team Umizoomi
33.6%
8:18-
8:22
The Mighty B!
33.3%
8:04-
8:08
Maggie And The Ferocious Beast
33.3%
6:59-
7:05
The Naked Brothers Band
33.1%
5:09-
5:15
Oswald
32.6%
0:43-
0:49
House Of Anubis
32.4%
7:10-
7:14
The Muppet Show
32%
6:47-
6:53
Figure It Out
31.6%
3:38-
3:44
Bucket & Skinner's Epic Adventures
30.7%
5:43-
5:49
Tak & The Power Of Juju
30.5%
0:38-
0:43
Rupert
30.2%
7:40-
7:44
Cousin Skeeter
30%
6:43-
6:47
Nick News With Linda Ellerbee
29.8%
3:12-
3:18
Planet Sheen
29.5%
5:55-
5:59
The Busy World Of Richard Scarry
28.5%
5:59-
6:05
Supah Ninjas
27.8%
4:17-
4:22
Mike The Knight
27.7%
7:44-
7:51
Pelswick
27.5%
7:51-
7:54
Olivia
27.1%
2:27-
2:33
Butt-Ugly Martians
26.7%
4:55-
5:01
Sabrina, The Teenage Witch
26%
3:56-
4:01
Wild & Crazy Kids
25.7%
7:24-
7:29
Wayside
25.4%
7:59-
8:04
My Dad The Rockstar
25.4%
1:56-
2:01
The Adventures Of Tintin
24.2%
4:37-
4:41
Just Jordan
24.2%
2:11-
2:17
Space Cases
23%
7:29-
7:34
What Would You Do?
22.7%
6:21-
6:27
The Brothers Garcia
21.8%
8:08-
8:13
Fifteen
21.6%
5:15-
5:21
Caitlin's Way
19.4%
Quiz Playlist
Details
Report
Send in Message
Add To Playlist
More Info:
Nostalgia indeed! Remember Nick Jr. in its prime before it became its own channel or the old Nick in its 90s?
Classic:
Type in answers that appear in a list
Last Updated: Feb 16, 2017
Quiz Scoreboard
CHALLENGE
Sign Up to Join the Scoreboard
Show All
Scores
Hide
Comments
May contain spoilers
Recently Published
NBA Finals Game Top Scorers (2010s)
by flibbidy
Sports
5m
Guess the 'R' Things in 3 Words
by MSUKent
Miscellaneous
3m
Actor to Badly Drawn Movie III
by MoMosMoProblems
Movies
5m
More to Explore
Quiz From the Vault
Featured Blog Post
Where Does Lost Luggage Go?
hide this ad
You Might Also Like...
Tags
Cartoons Quiz
TV Show Quiz
Audio Quiz
nick
Nickelodeon
TV Theme
Today's Top Quizzes in Television
Browse Television
hide this ad
Today's Top Quizzes in Cartoons
Browse Cartoons
Top Contributed Quizzes in Television
1
Hidden Simpsons Character
2
First Name TV: Leading Men
3
Hidden Simpsons Character II
4
Hidden Simpsons Character III
5
First Name TV: Leading Women Drama
6
Hidden Simpsons Character IV
7
Hidden Simpsons Character V
8
Hidden Simpsons Character VI
9
Hidden Simpsons Character VII
10
Hidden Simpsons Character VIII
Explore More
Trending Topics
Crossword
Kpop
Disney
Marvel
Anime
NBA
Harry Potter
Puzzle
The Office
NFL
Soccer
Song
Country
WWE
Pokémon
hide this ad
More By:
krazy1000000
Quiz
Plays
Rating
Category
Featured
Created
Animated Movies And Songs (Audio Clip)
3,484
4.38
Music
Jun 3, 2012
Animated Movies And Songs Part 2 (Audio)
1,298
4.83
Music
Jun 13, 2012
Animated Movies And Songs Part 3 (Audio)
830
4.83
Music
Jul 12, 2012
Game Show Themes (Audio)
586
5.00
Television
Jul 4, 2012
The Songs of 2011 (Clip)
568
3.00
Music
Jan 2, 2012
Go to Creator's Profile
Score Distribution
Quiz Creator Spotlight
krazy1000000
Follow
Send a Message
Quizzes Created
-
Created Quiz Play Count
-
More By This Creator
Popular Quizzes Today
1
Find the US States - No Outlines Minefield
2
Find the US States
3
The Countries of the World
4
10 Largest US States in Order
5
Find the Countries of Europe - No Outlines Minefield
6
US States
7
Guess the 'R' Things in 3 Words
8
NBA Finals Game Top Scorers (2010s)
More Television Quizzes
Criteria Quiz: TV Witches
Quiz Lab
Trending Quizzes
First Name TV: Leading Men
First Name TV: Leading Women Drama
Match the Book to the Film II
3-Word Movies in 1 Word II
Match the Book to the Film VI
Recently Updated
Women's Final Four Teams by Year
bhenderson79
Presidents Quartet II
eogle
Anything But Clue(do)
eogle
Anything But Oceanian Capitals
eogle
Anything But 7
eogle
Anything But Thing
eogle
Word Ladder: February 29
pecheneg
Song Title Questions
pecheneg
Women's NCAA Tournament #1 Seeds
pecheneg
Celebrity Mug Shots
pecheneg
Trending Topics
Kpop
NBA
Harry Potter
Disney
Marvel
Crossword
Anime
Country
NFL
The Office
Song
Soccer
Puzzle
WWE
Pokémon
Your Account Isn't Verified!
In order to create a playlist on Sporcle, you need to verify the email address you used during registration. Go to your
Sporcle Settings
to finish the process.
Report this User
Report this user for behavior that violates our
Community Guidelines
.
Details:
Send Report
Go to the Sporcle.com Mobile Site →
Comments